| 000 | 00581nam a2200205 u 4500 | ||
|---|---|---|---|
| 005 | 20240913063901.0 | ||
| 008 | 170621s2016 r 000 0 eng d | ||
| 020 | _a9786077362913 | ||
| 035 | _aUPN01000219005 | ||
| 049 | _aCG | ||
| 050 | 4 |
_aJC423 _bU8.2 |
|
| 100 | 1 |
_aUscanga Barradas, Abril _940785 |
|
| 245 | 1 | 0 |
_aDeficiencias en la democracia liberal contemporánea / _cAbril Uscanga Barradas. |
| 260 |
_aMéxico : _bFontamara : _bUNAM, _c2016. |
||
| 300 | _a136 p. | ||
| 440 | 0 |
_aArgumentos ; _v374 |
|
| 650 | 4 |
_aDemocracia _96020 |
|
| 905 | _aLibro | ||
| 999 |
_c191105 _d191105 |
||